[Event "Hastings Masters 2024/25 98th"]
[Site "Hastings"]
[Date "2025.01.03"]
[Round "9.5"]
[White "Lux, Hugo de Melo"]
[Black "Seo, Jung Min"]
[Result "1/2-1/2"]
[WhiteElo "2319"]
[BlackElo "2491"]
[PlyCount "113"]
[EventDate "2024.12.28"]
[EventType "swiss"]
[EventRounds "9"]
[EventCountry "ENG"]
[SourceTitle "BritBase"]
[Source "John Saunders"]
[SourceDate "2025.01.10"]
[SourceVersion "1"]
[SourceVersionDate "2025.01.10"]
[SourceQuality "1"]

1. e4 c5 2. Nc3 a6 3. Nf3 e6 4. d4 cxd4 5. Nxd4 b5 6. Bd3 Bb7 7. O-O Nc6 8. Nxc6 Bxc6 9. Qe2 Qb8 10. a4 bxa4 11. Nxa4 Nf6 12. Be3 Nxe4 13. f3 Nf6 14. Nb6 Ra7 15. Bxa6 Bd6 16. Nc4 Bxh2+ 17. Kh1 Rxa6 18. Rxa6 Nh5 19. Qd3 Ng3+ 20. Kxh2 Nxf1+ 21. Kg1 Nxe3 22. Qxe3 O-O 23. Rb6 Qc7 24. Qc5 Qg3 25. Qd6 Qe1+ 26. Kh2 Qh4+ 27. Kg1 h5 28. Ne5 Qf4 29. Rb8 Rxb8 30. Qxb8+ Kh7 31. Nxc6 Qe3+ 32. Kh2 dxc6 33. Qc7 Kg6 34. Qxc6 Qe5+ 35. Kh1 Qxb2 36. Qe4+ Kg5 37. f4+ Kf6 38. c4 Qc3 39. Kg1 g5 40. fxg5+ Kxg5 41. Qc6 h4 42. c5 Qe1+ 43. Kh2 Qg3+ 44. Kh1 h3 45. gxh3 Qxh3+ 46. Kg1 Qe3+ 47. Kh1 Kf6 48. Qc8 Qe1+ 49. Kg2 Qd2+ 50. Kg1 Qd4+ 51. Kf1 Qd3+ 52. Kg1 Ke7 53. Qb7+ Kd8 54. Qb8+ Ke7 55. Qb7+ Kd8 56. Qb8+ Ke7 57. Qb7+ 1/2-1/2

[Event "Hastings Masters 2024/25 98th"]
[Site "Hastings"]
[Date "2025.01.03"]
[Round "9.6"]
[White "Grutter, Tim"]
[Black "Bazakutsa, Svyatoslav"]
[Result "1/2-1/2"]
[WhiteElo "2380"]
[BlackElo "2486"]
[PlyCount "78"]
[EventDate "2024.12.28"]
[EventType "swiss"]
[EventRounds "9"]
[EventCountry "ENG"]
[SourceTitle "BritBase"]
[Source "John Saunders"]
[SourceDate "2025.01.10"]
[SourceVersion "1"]
[SourceVersionDate "2025.01.10"]
[SourceQuality "1"]

1. e4 c6 2. Nf3 d5 3. Nc3 dxe4 4. Nxe4 Nf6 5. Qe2 Bf5 6. d3 e6 7. g3 Nbd7 8. Bg2 Be7 9. O-O O-O 10. a4 a5 11. Nfd2 Nd5 12. Nc4 Qc7 13. b3 b5 14. Ne3 Bxe4 15. dxe4 Nc3 16. Qe1 Bf6 17. Bb2 b4 18. Nd1 Nxd1 19. Bxf6 Nxf6 20. Rxd1 Rad8 21. Qe2 e5 22. Qc4 Qb6 23. Bf3 g6 24. c3 c5 25. Rxd8 Rxd8 26. Rc1 Rd2 27. cxb4 cxb4 28. Qc5 Qe6 29. Qc8+ Qxc8 30. Rxc8+ Kg7 31. Rc5 Rd3 32. Kg2 Nd7 33. Rxa5 Rxb3 34. Rd5 Kf6 35. Rb5 Kg7 36. Be2 Rb1 37. Bf3 Rb2 38. a5 Ra2 39. Bd1 Nf6 1/2-1/2

[Event "Hastings Masters 2024/25 98th"]
[Site "Hastings"]
[Date "2025.01.03"]
[Round "9.7"]
[White "Roux, Baptiste"]
[Black "Gasanov, Eldar"]
[Result "0-1"]
[WhiteElo "2332"]
[BlackElo "2476"]
[PlyCount "102"]
[EventDate "2024.12.28"]
[EventType "swiss"]
[EventRounds "9"]
[EventCountry "ENG"]
[SourceTitle "BritBase"]
[Source "John Saunders"]
[SourceDate "2025.01.10"]
[SourceVersion "1"]
[SourceVersionDate "2025.01.10"]
[SourceQuality "1"]

1. e4 e5 2. Nf3 Nc6 3. Bb5 a6 4. Ba4 Nf6 5. O-O Be7 6. Re1 b5 7. Bb3 d6 8. c3 O-O 9. d4 Bg4 10. Be3 Bh5 11. h3 exd4 12. cxd4 Na5 13. Bc2 Nc4 14. Bc1 d5 15. e5 Ne4 16. Nc3 Nxc3 17. bxc3 Qd7 18. g4 Bg6 19. Nh2 c5 20. f4 Bxc2 21. Qxc2 cxd4 22. cxd4 f5 23. exf6 Bxf6 24. Nf3 Rae8 25. Rxe8 Rxe8 26. a4 b4 27. Rb1 a5 28. Ne5 Qa7 29. Qf2 Rf8 30. Nf3 Qe7 31. Rb3 Qe4 32. f5 h6 33. Kh2 Rc8 34. Kg3 Nd6 35. Bf4 Rc2 36. Qf1 Qe7 37. h4 h5 38. Re3 Ne4+ 39. Kh3 Nf2+ 40. Kg3 Ne4+ 41. Kh3 Qd7 42. Qb5 Nf2+ 43. Kg3 Ne4+ 44. Kh3 Qf7 45. Ng5 Bxg5 46. hxg5 g6 47. Qb8+ Qf8 48. Qb6 hxg4+ 49. Kh4 Qxf5 50. Qd8+ Kf7 51. Qxa5 Rh2+ 0-1

[Event "Hastings Masters 2024/25 98th"]
[Site "Hastings"]
[Date "2025.01.03"]
[Round "9.8"]
[White "Kovchan, Alexander"]
[Black "Waldhausen Gordon, Frederick"]
[Result "1-0"]
[WhiteElo "2455"]
[BlackElo "2366"]
[PlyCount "97"]
[EventDate "2024.12.28"]
[EventType "swiss"]
[EventRounds "9"]
[EventCountry "ENG"]
[SourceTitle "BritBase"]
[Source "John Saunders"]
[SourceDate "2025.01.10"]
[SourceVersion "1"]
[SourceVersionDate "2025.01.10"]
[SourceQuality "1"]

1. e4 e5 2. Nf3 Nc6 3. Bb5 a6 4. Ba4 Nf6 5. O-O Be7 6. d3 b5 7. Bb3 d6 8. a4 Bg4 9. c3 O-O 10. h3 Bh5 11. Nbd2 Na5 12. Ba2 c5 13. g4 Bg6 14. Nh4 Nd7 15. Nxg6 hxg6 16. Nf3 c4 17. d4 d5 18. exd5 e4 19. Ne5 Qc7 20. Bf4 Bd6 21. axb5 axb5 22. Bb1 f5 23. Nxd7 Qxd7 24. Be5 Qe7 25. f4 exf3 26. Qxf3 Bxe5 27. dxe5 Qxe5 28. gxf5 Ra6 29. Bc2 gxf5 30. Rae1 Rg6+ 31. Kh1 Qg3 32. Qxg3 Rxg3 33. Bxf5 g6 34. Kh2 Rg5 35. Be6+ Kg7 36. Rxf8 Kxf8 37. d6 Nc6 38. Bd7 Na5 39. Rf1+ Kg7 40. Be6 Re5 41. d7 Nc6 42. Rf7+ Kh6 43. Bg4 Rd5 44. Rf8 Rd2+ 45. Kg3 Rd3+ 46. Kf4 g5+ 47. Ke4 Rd6 48. Rc8 Kg7 49. Rxc6 1-0

[Event "Hastings Masters 2024/25 98th"]
[Site "Hastings"]
[Date "2025.01.03"]
[Round "9.9"]
[White "Lucas, Arthur"]
[Black "Stefansson, Vignir Vatnar"]
[Result "0-1"]
[WhiteElo "2328"]
[BlackElo "2550"]
[PlyCount "114"]
[EventDate "2024.12.28"]
[EventType "swiss"]
[EventRounds "9"]
[EventCountry "ENG"]
[SourceTitle "BritBase"]
[Source "John Saunders"]
[SourceDate "2025.01.10"]
[SourceVersion "1"]
[SourceVersionDate "2025.01.10"]
[SourceQuality "1"]

1. e4 d6 2. d4 Nf6 3. Bd3 e5 4. Nf3 exd4 5. Nxd4 g6 6. O-O Bg7 7. c3 O-O 8. Bg5 Re8 9. Nd2 Nbd7 10. Bc2 h6 11. Bh4 Nc5 12. f4 Qd7 13. Re1 a5 14. e5 dxe5 15. fxe5 Ng4 16. N2f3 Nxe5 17. Bg3 Nc4 18. b4 Rxe1+ 19. Qxe1 axb4 20. cxb4 Ne6 21. Nxe6 Qxe6 22. Rc1 Qxe1+ 23. Rxe1 Be6 24. Bb3 b5 25. Bxc7 Bc3 26. Rc1 Bxb4 27. h3 Re8 28. Bg3 Bd5 29. Bf2 Ne3 30. Bxd5 Nxd5 31. Nd4 Ba3 32. Rc6 b4 33. Ra6 Bb2 34. Nc6 Bc3 35. Ra7 Re2 36. Rd7 Nf4 37. Rb7 Nd3 38. Bd4 Bxd4+ 39. Nxd4 Rxa2 40. Nc6 Rb2 41. Nd8 Ne5 42. Re7 Rd2 43. Re8+ Kg7 44. Rxe5 Rxd8 45. Rb5 Rd4 46. Rb6 h5 47. Kf2 h4 48. Ke3 Rc4 49. Kf3 f5 50. Ke3 Kh6 51. Kf3 Kg5 52. Kf2 Rc2+ 53. Kf3 Rc3+ 54. Kf2 b3 55. Kg1 Kf4 56. Kh2 g5 57. Rb5 Ke4 0-1

[Event "Hastings Masters 2024/25 98th"]
[Site "Hastings"]
[Date "2025.01.03"]
[Round "9.10"]
[White "Badacsonyi, Stanley"]
[Black "Balaji, Aaravamudhan"]
[Result "1-0"]
[WhiteElo "2289"]
[BlackElo "2350"]
[PlyCount "73"]
[EventDate "2024.12.28"]
[EventType "swiss"]
[EventRounds "9"]
[EventCountry "ENG"]
[SourceTitle "BritBase"]
[Source "John Saunders"]
[SourceDate "2025.01.10"]
[SourceVersion "1"]
[SourceVersionDate "2025.01.10"]
[SourceQuality "1"]

1. d4 d5 2. c4 e6 3. Nc3 Be7 4. cxd5 exd5 5. Bf4 c6 6. e3 Bd6 7. Bxd6 Qxd6 8. Bd3 Nf6 9. Nge2 O-O 10. O-O Re8 11. Qc2 a5 12. Na4 Nbd7 13. Rfc1 Ra7 14. Rab1 Nf8 15. Ng3 Ne6 16. Nb6 Qb4 17. Nxc8 Rxc8 18. Ne2 g6 19. Nc3 Raa8 20. Na4 Nd7 21. Nc3 b5 22. a4 bxa4 23. Qxa4 Nb6 24. Qd1 Qe7 25. Ra1 c5 26. dxc5 Rxc5 27. Qb3 Qc7 28. Rd1 Rb8 29. Qa2 Qe5 30. Bf1 Kg7 31. Rd2 Rd8 32. Rad1 d4 33. exd4 Rxd4 34. Re2 Qf5 35. Qa1 Rb4 36. Na2 Rf4 37. b4+ 1-0

[Event "Hastings Masters 2024/25 98th"]
[Site "Hastings"]
[Date "2025.01.03"]
[Round "9.11"]
[White "Siva Mahadevan"]
[Black "Kolani, Arjun"]
[Result "1-0"]
[WhiteElo "2349"]
[BlackElo "2131"]
[PlyCount "133"]
[EventDate "2024.12.28"]
[EventType "swiss"]
[EventRounds "9"]
[EventCountry "ENG"]
[SourceTitle "BritBase"]
[Source "John Saunders"]
[SourceDate "2025.01.10"]
[SourceVersion "1"]
[SourceVersionDate "2025.01.10"]
[SourceQuality "1"]

1. e4 c6 2. d3 d5 3. Nd2 e5 4. Ngf3 Bd6 5. d4 exd4 6. exd5 cxd5 7. Bb5+ Bd7 8. Bxd7+ Qxd7 9. Nxd4 Nc6 10. N2f3 Nf6 11. O-O O-O 12. h3 Ne4 13. Be3 Rad8 14. c3 f5 15. Ne2 Bb8 16. Bf4 Bxf4 17. Nxf4 Qf7 18. Nd4 Rfe8 19. Re1 g5 20. Nd3 Qf6 21. Nxc6 bxc6 22. Qf3 Nd2 23. Qh5 Re4 24. Rad1 Nc4 25. b3 Nd6 26. f3 Rh4 27. Re6 Qg7 28. Rxd6 Rxd6 29. Qe8+ Qf8 30. Qe3 Rhh6 31. Qxg5+ Rhg6 32. Qe3 Rg7 33. Nf4 Re7 34. Qc5 Red7 35. b4 Qe7 36. Kf2 Qe5 37. Nd3 Qf6 38. Re1 Re6 39. Rxe6 Qxe6 40. b5 Rc7 41. a4 Rc8 42. b6 axb6 43. Qxb6 Re8 44. Qd4 Qe2+ 45. Kg3 Re7 46. Kh2 Qe3 47. Qh4 Qe6 48. a5 Qd6+ 49. Nf4 Rg7 50. Kh1 Qe7 51. Qf2 Qa3 52. Nh5 Rg6 53. Qe3 Kf7 54. Nf4 Rf6 55. Qa7+ Qe7 56. Qb8 Qe8 57. Qb7+ Kg8 58. a6 Qe1+ 59. Kh2 Qe5 60. g3 Rf7 61. Qxc6 Rc7 62. Qb6 Qe7 63. Qb8+ Kf7 64. Qh8 d4 65. Qxh7+ Ke8 66. Qh5+ Qf7 67. Qh8+ 1-0

[Event "Hastings Masters 2024/25 98th"]
[Site "Hastings"]
[Date "2025.01.03"]
[Round "9.12"]
[White "Golding, Alex"]
[Black "Briem, Benedikt"]
[Result "1-0"]
[WhiteElo "2381"]
[BlackElo "2176"]
[PlyCount "155"]
[EventDate "2024.12.28"]
[EventType "swiss"]
[EventRounds "9"]
[EventCountry "ENG"]
[SourceTitle "BritBase"]
[Source "John Saunders"]
[SourceDate "2025.01.10"]
[SourceVersion "1"]
[SourceVersionDate "2025.01.10"]
[SourceQuality "1"]

1. d4 d5 2. Nf3 Nf6 3. Bf4 e6 4. e3 Bd6 5. Bxd6 Qxd6 6. Nbd2 O-O 7. Bd3 c5 8. dxc5 Qxc5 9. O-O Nbd7 10. c4 e5 11. cxd5 Qxd5 12. Qc2 Nc5 13. Bc4 Qd6 14. Rfd1 Qe7 15. Rac1 b6 16. b4 Ncd7 17. Ne4 Nxe4 18. Qxe4 Rb8 19. Bb3 Bb7 20. Qf5 Nf6 21. Nxe5 g6 22. Qg5 Rbe8 23. Nc6 Bxc6 24. Rxc6 Kg7 25. Rdd6 Ne4 26. Qxe7 Rxe7 27. Rd4 Rb8 28. f3 Nf6 29. e4 Ne8 30. Kf2 Nc7 31. a4 Rb7 32. f4 Ne8 33. Ke3 Rbd7 34. Rxd7 Rxd7 35. a5 bxa5 36. bxa5 Nf6 37. h3 Rb7 38. Bc4 h5 39. e5 Ng8 40. g4 hxg4 41. hxg4 Nh6 42. Kf3 Re7 43. a6 Rd7 44. e6 fxe6 45. Bxe6 Re7 46. Bd5 Nf7 47. Bxf7 Kxf7 48. Kg3 Rd7 49. Kh4 Kg7 50. Kg5 Rd5+ 51. f5 gxf5 52. Rc7+ Kg8 53. gxf5 Rd6 54. Rxa7 Rb6 55. f6 Rb1 56. Rg7+ Kh8 57. a7 Rg1+ 58. Kh5 Rh1+ 59. Kg6 Rh6+ 60. Kg5 Rh5+ 61. Kg4 Rh4+ 62. Kf5 Rf4+ 63. Ke6 Rxf6+ 64. Ke5 Kxg7 65. a8=Q Rf7 66. Qe8 Rf8 67. Qe7+ Rf7 68. Qg5+ Kh7 69. Ke6 Rg7 70. Qh5+ Kg8 71. Kf6 Rg1 72. Qc5 Rg7 73. Qh5 Rg1 74. Qe8+ Kh7 75. Qd7+ Kg8 76. Qc8+ Kh7 77. Qc7+ Kg8 78. Qb8+ 1-0

[Event "Hastings Masters 2024/25 98th"]
[Site "Hastings"]
[Date "2025.01.03"]
[Round "9.13"]
[White "Boyer, Mahel"]
[Black "Zhang, Junyi"]
[Result "1-0"]
[WhiteElo "2531"]
[BlackElo "2070"]
[PlyCount "69"]
[EventDate "2024.12.28"]
[EventType "swiss"]
[EventRounds "9"]
[EventCountry "ENG"]
[SourceTitle "BritBase"]
[Source "John Saunders"]
[SourceDate "2025.01.10"]
[SourceVersion "1"]
[SourceVersionDate "2025.01.10"]
[SourceQuality "1"]

1. e4 c5 2. Nf3 e6 3. d4 cxd4 4. Nxd4 Nf6 5. Nd2 d5 6. e5 Nfd7 7. N2f3 Nc6 8. Bf4 Be7 9. c3 Nxd4 10. cxd4 Bb4+ 11. Bd2 Bxd2+ 12. Qxd2 O-O 13. Be2 f6 14. exf6 Nxf6 15. O-O Bd7 16. Rfe1 Rc8 17. Bd3 Qb6 18. Re3 Qd6 19. Ne5 Be8 20. Rae1 Rc7 21. a3 Re7 22. Rh3 g6 23. Rhe3 Nd7 24. h4 Nxe5 25. Rxe5 Qd7 26. Qg5 Rff7 27. h5 Rg7 28. h6 Rgf7 29. Bf5 exf5 30. Rxe7 Rxe7 31. Qxe7 Qxe7 32. Rxe7 Bc6 33. Rg7+ Kh8 34. f4 a6 35. Kf2 1-0

[Event "Hastings Masters 2024/25 98th"]
[Site "Hastings"]
[Date "2025.01.03"]
[Round "9.14"]
[White "Nielsen, Andre"]
[Black "Rayner, Francis"]
[Result "1-0"]
[WhiteElo "2276"]
[BlackElo "2013"]
[PlyCount "139"]
[EventDate "2024.12.28"]
[EventType "swiss"]
[EventRounds "9"]
[EventCountry "ENG"]
[SourceTitle "BritBase"]
[Source "John Saunders"]
[SourceDate "2025.01.10"]
[SourceVersion "1"]
[SourceVersionDate "2025.01.10"]
[SourceQuality "1"]

1. e4 c5 2. Nf3 e6 3. d4 cxd4 4. Nxd4 Nc6 5. Bf4 d6 6. Nxc6 bxc6 7. c4 e5 8. Bc1 Nf6 9. Nc3 Be7 10. Be2 O-O 11. O-O Qc7 12. Be3 Be6 13. Rc1 Qb7 14. b3 Rfd8 15. Bf3 h6 16. Qe2 Bf8 17. Rfd1 Rac8 18. Rc2 Nd7 19. Bg4 Nc5 20. Bxc5 Bxg4 21. Qxg4 dxc5 22. Rcd2 Rd4 23. Ne2 Re8 24. Nxd4 cxd4 25. Rd3 c5 26. g3 Bd6 27. Re1 Re6 28. Qe2 a5 29. Qd2 Bc7 30. f3 Kh7 31. Qc1 g6 32. Qa3 Qc6 33. Qa4 Kg7 34. Qxc6 Rxc6 35. Kf2 Re6 36. Rb1 Bd6 37. Ke2 Re8 38. Rd2 Rb8 39. Rdb2 Kf6 40. Kd3 Ke6 41. Rf2 g5 42. a3 Rg8 43. g4 Rb8 44. Rc2 Be7 45. b4 cxb4 46. c5 b3 47. Rc4 Kd7 48. c6+ Kc7 49. Ra4 Rb5 50. Kc4 Kxc6 51. Rxb3 Rc5+ 52. Kd3 Bd6 53. Rc4 f6 54. Rxc5+ Bxc5 55. Kc4 Bd6 56. h3 a4 57. Rb5 Bxa3 58. Ra5 Bd6 59. Rxa4 Be7 60. Ra8 Kd6 61. Rh8 Ke6 62. Rxh6 Bd8 63. Rh8 Be7 64. Ra8 Bd6 65. Ra6 Ke7 66. Kd5 Bb4 67. Ra7+ Kd8 68. Ke6 Kc8 69. Rd7 Bc3 70. Rd5 1-0

[Event "Hastings Masters 2024/25 98th"]
[Site "Hastings"]
[Date "2025.01.03"]
[Round "9.15"]
[White "Bozinakis, Pavlos"]
[Black "Adams, Henry"]
[Result "1-0"]
[WhiteElo "2257"]
[BlackElo "2017"]
[PlyCount "77"]
[EventDate "2024.12.28"]
[EventType "swiss"]
[EventRounds "9"]
[EventCountry "ENG"]
[SourceTitle "BritBase"]
[Source "John Saunders"]
[SourceDate "2025.01.10"]
[SourceVersion "1"]
[SourceVersionDate "2025.01.10"]
[SourceQuality "1"]

1. e4 e5 2. Nf3 Nc6 3. Bb5 a6 4. Ba4 Nf6 5. O-O Be7 6. d3 b5 7. Bb3 d6 8. c3 O-O 9. a4 Bd7 10. Bc2 b4 11. a5 Rb8 12. Nbd2 d5 13. Re1 dxe4 14. dxe4 Rb5 15. Qe2 Rxa5 16. Rxa5 Nxa5 17. Qxa6 Nc6 18. Nc4 Bd6 19. h3 Qe7 20. Nxd6 Qxd6 21. Rd1 Qe7 22. Bg5 bxc3 23. bxc3 Qc5 24. Bxf6 Nb8 25. Qd3 gxf6 26. Nh4 Be6 27. Qf3 Qe7 28. Rd3 Rd8 29. Re3 Rd6 30. Qh5 Nd7 31. Rg3+ Kh8 32. Bd1 f5 33. exf5 Bc4 34. Bc2 Qf8 35. f6 Nxf6 36. Qxe5 Bd5 37. c4 Be4 38. Bxe4 Re6 39. Qc3 1-0

[Event "Hastings Masters 2024/25 98th"]
[Site "Hastings"]
[Date "2025.01.03"]
[Round "9.23"]
[White "Muir, Andrew J"]
[Black "Malinovskii, Ilia"]
[Result "0-1"]
[WhiteElo "2194"]
[BlackElo "2041"]
[PlyCount "89"]
[EventDate "2024.12.28"]
[EventType "swiss"]
[EventRounds "9"]
[EventCountry "ENG"]
[SourceTitle "BritBase"]
[Source "John Saunders"]
[SourceDate "2025.01.10"]
[SourceVersion "1"]
[SourceVersionDate "2025.01.10"]
[SourceQuality "1"]

1. d4 d5 2. c4 e6 3. Nc3 c5 4. cxd5 cxd4 5. Qa4+ Bd7 6. Qxd4 exd5 7. Qxd5 Nf6 8. Qd1 Bc5 9. Nf3 O-O 10. e3 Qe7 11. Be2 Rd8 12. O-O Nc6 13. a3 Bf5 14. Qa4 a6 15. Rd1 Bd6 16. b4 Qe6 17. b5 axb5 18. Qxb5 Ra5 19. Qb6 Nd7 20. Qb2 Nc5 21. Nb5 Na4 22. Qa2 Qxa2 23. Rxa2 Rxb5 24. Bxb5 Nc3 25. Rdd2 Nxb5 26. Rab2 Nxa3 27. Rxb7 Nc4 28. Re2 Be4 29. Rb3 N6a5 30. Rb5 Bc6 31. Rb1 Be4 32. Rb5 Bf8 33. Re1 Nc6 34. Bb2 Nxb2 35. Rxb2 Bxf3 36. gxf3 Ne5 37. Kg2 Nd3 38. Rd1 Nf4+ 39. exf4 Rxd1 40. Rb5 Rc1 41. Re5 Rc5 42. Re8 g6 43. Rd8 Kg7 44. Kg3 Rf5 45. Rd4 0-1

[Event "Hastings Masters 2024/25 98th"]
[Site "Hastings"]
[Date "2025.01.03"]
[Round "9.24"]
[White "Sasikumar, Srivathsan"]
[Black "Wall, Tim P"]
[Result "1-0"]
[WhiteElo "1919"]
[BlackElo "2173"]
[PlyCount "113"]
[EventDate "2024.12.28"]
[EventType "swiss"]
[EventRounds "9"]
[EventCountry "ENG"]
[SourceTitle "BritBase"]
[Source "John Saunders"]
[SourceDate "2025.01.10"]
[SourceVersion "1"]
[SourceVersionDate "2025.01.10"]
[SourceQuality "1"]

1. e4 c6 2. d4 d5 3. exd5 cxd5 4. c4 Nf6 5. Nc3 Nc6 6. Nf3 a6 7. c5 g6 8. Be2 Bg7 9. Bf4 O-O 10. O-O Ne4 11. Rc1 Be6 12. Re1 Qa5 13. a3 Rad8 14. Na4 Bd7 15. Nb6 e5 16. Nxe5 Nxe5 17. Bxe5 Bxe5 18. dxe5 Be6 19. Qd4 f6 20. exf6 Qd2 21. Qxd2 Nxd2 22. b4 Rxf6 23. Rcd1 Ne4 24. Bf3 Rff8 25. h4 a5 26. Bxe4 dxe4 27. Rxd8 Rxd8 28. Rxe4 Bf5 29. Re7 axb4 30. axb4 Rd1+ 31. Kh2 Rd4 32. Rxb7 Rxh4+ 33. Kg1 Rxb4 34. f3 Rb1+ 35. Kh2 Rc1 36. Rc7 h5 37. c6 Kf8 38. Nd5 Be6 39. Nf6 Rc4 40. Kg3 h4+ 41. Kh2 Rc2 42. Nh7+ Ke8 43. Ng5 Bf5 44. Rh7 Rxc6 45. Rxh4 Ke7 46. Rh7+ Kd6 47. g4 Bc2 48. Kg3 Rc3 49. Ra7 Ke5 50. Ra6 Bd3 51. Nf7+ Kd5 52. Rd6+ Kc5 53. Rd8 Ra3 54. Kh4 Be2 55. f4 Rf3 56. Kg5 Rg3 57. Ne5 1-0

[Event "Hastings Masters 2024/25 98th"]
[Site "Hastings"]
[Date "2025.01.03"]
[Round "9.31"]
[White "Sciupokas, Arunas"]
[Black "Boswell, Jacob Connor"]
[Result "0-1"]
[WhiteElo "1969"]
[BlackElo "2261"]
[PlyCount "64"]
[EventDate "2024.12.28"]
[EventType "swiss"]
[EventRounds "9"]
[EventCountry "ENG"]
[SourceTitle "BritBase"]
[Source "John Saunders"]
[SourceDate "2025.01.10"]
[SourceVersion "1"]
[SourceVersionDate "2025.01.10"]
[SourceQuality "1"]

1. e4 c5 2. Nf3 Nc6 3. Bb5 e5 4. Bxc6 dxc6 5. d3 Bd6 6. O-O Ne7 7. Nbd2 Ng6 8. Nc4 Bc7 9. Be3 Qe7 10. a4 O-O 11. Qe1 Nf4 12. Bxf4 exf4 13. Qc3 Bg4 14. Ncd2 Rad8 15. Rfe1 Rfe8 16. e5 Rd5 17. Re4 Bxe5 18. Rae1 f6 19. Qb3 Qf7 20. c4 Rdd8 21. Nxe5 fxe5 22. Qc3 Bf5 23. Rxe5 Rxe5 24. Qxe5 Bxd3 25. Nf3 Bxc4 26. Qxc5 Bd5 27. Qe7 Rd7 28. Qe8+ Qxe8 29. Rxe8+ Kf7 30. Rb8 Bxf3 31. gxf3 Ke6 32. Rf8 Rd4 0-1

[Event "Hastings Masters 2024/25 98th"]
[Site "Hastings"]
[Date "2025.01.03"]
[Round "9.43"]
[White "Eldridge, Albert"]
[Black "Norinkeviciute, Rasa"]
[Result "0-1"]
[WhiteElo "1805"]
[BlackElo "1952"]
[PlyCount "101"]
[EventDate "2024.12.28"]
[EventType "swiss"]
[EventRounds "9"]
[EventCountry "ENG"]
[SourceTitle "BritBase"]
[Source "John Saunders"]
[SourceDate "2025.01.10"]
[SourceVersion "1"]
[SourceVersionDate "2025.01.10"]
[SourceQuality "1"]

1. d4 Nf6 2. Nf3 e6 3. g3 d6 4. Bg2 Nc6 5. c4 Be7 6. Nc3 O-O 7. O-O Nd7 8. b3 Re8 9. d5 Nce5 10. dxe6 Nxf3+ 11. Bxf3 fxe6 12. Bb2 Bf6 13. a4 a5 14. Qc2 c6 15. e4 Nc5 16. Ba3 Bd4 17. Bxc5 Bxc5 18. Qd3 e5 19. Ne2 Rf8 20. Kg2 Qf6 21. Ng1 Be6 22. Ra2 Qg6 23. Rd2 Rf6 24. Bd1 Raf8 25. f3 Qh6 26. Rc2 Qg6 27. Be2 Qf7 28. Qd1 Qd7 29. Rd2 Rh6 30. Kh1 Bh3 31. Nxh3 Qxh3 32. Bd3 Qxg3 33. Rg2 Qf4 34. Qe2 Rh4 35. Rg4 Qh6 36. Rg2 Rh3 37. Rg4 Be3 38. Rg2 Bf4 39. Rfg1 g6 40. Rd1 Be3 41. Rf1 Bc5 42. Rg4 Qh5 43. Qg2 Be3 44. Rg3 Rh4 45. Rg4 Rf4 46. Rxh4 Rxh4 47. Bc2 Bf4 48. Rf2 Rxh2+ 49. Qxh2 Bxh2 50. Rxh2 Qxf3+ 51. Kg1 0-1

[Event "Hastings Masters 2024/25 98th"]
[Site "Hastings"]
[Date "2025.01.03"]
[Round "9.48"]
[White "Rubeck, Jonathan"]
[Black "Jacobs, Simon"]
[Result "0-1"]
[WhiteElo "1832"]
[BlackElo "1756"]
[PlyCount "72"]
[EventDate "2024.12.28"]
[EventType "swiss"]
[EventRounds "9"]
[EventCountry "ENG"]
[SourceTitle "BritBase"]
[Source "John Saunders"]
[SourceDate "2025.01.10"]
[SourceVersion "1"]
[SourceVersionDate "2025.01.10"]
[SourceQuality "1"]

1. e4 c6 2. d4 d5 3. e5 c5 4. dxc5 e6 5. a3 Bxc5 6. b4 Be7 7. Qg4 g6 8. Nf3 h5 9. Qf4 Nh6 10. Bb2 a5 11. b5 Nd7 12. Nbd2 g5 13. Qe3 Nf5 14. Qc3 g4 15. Nd4 Nxd4 16. Qxd4 Bc5 17. Qf4 b6 18. c4 Bb7 19. cxd5 Bxd5 20. Rd1 Qc7 21. Ne4 O-O-O 22. Rc1 f5 23. Nd6+ Kb8 24. Nf7 Qb7 25. Nxd8 Rxd8 26. Rg1 Be7 27. Bc4 Nc5 28. Ke2 Bxg2 29. Bd4 Bf3+ 30. Kf1 Ne4 31. Be3 Bg5 32. Qxg5 Nxg5 33. Bxg5 Rd1+ 34. Rxd1 Bxd1 35. Bxe6 Qe4 36. f4 Qe2# 0-1

[Event "Hastings Masters 2024/25 98th"]
[Site "Hastings"]
[Date "2025.01.03"]
[Round "9.51"]
[White "Butt, Laurence"]
[Black "Bryant, Marc A"]
[Result "1-0"]
[WhiteElo "1818"]
[BlackElo "1825"]
[PlyCount "64"]
[EventDate "2024.12.28"]
[EventType "swiss"]
[EventRounds "9"]
[EventCountry "ENG"]
[SourceTitle "BritBase"]
[Source "John Saunders"]
[SourceDate "2025.01.10"]
[SourceVersion "1"]
[SourceVersionDate "2025.01.10"]
[SourceQuality "1"]

1. d4 Nf6 2. Bg5 d5 3. Nc3 Bf5 4. e3 Nbd7 5. Bd3 Bg6 6. Nf3 h6 7. Bxg6 hxg5 8. Bd3 e6 9. Nxg5 Bb4 10. Nf3 Ne4 11. Bxe4 dxe4 12. Nd2 Qg5 13. g3 f5 14. Qe2 Qe7 15. Nb5 Nb6 16. c3 Bd6 17. Nxd6+ cxd6 18. f3 d5 19. fxe4 dxe4 20. a4 Rc8 21. Qb5+ Kf7 22. O-O Rh3 23. Rxf5+ Kg6 24. Rf4 Rch8 25. Qe5 R8h5 26. Qxe4+ Kh6 27. Rf2 Nd5 28. Nf3 Nf6 29. Qd3 Ng4 30. Rg2 Qd6 31. Qe4 g5 32. Qxg4 Qd8 1-0

[Event "Hastings Weekend Open 2024/25"]
[Site "Hastings"]
[Date "2025.01.03"]
[Round "1.1"]
[White "Freeman, Luke"]
[Black "Kalavannan, Koby"]
[Result "0-1"]
[WhiteElo "1887"]
[BlackElo "2300"]
[PlyCount "108"]
[EventDate "2025.01.03"]
[EventType "swiss"]
[EventRounds "5"]
[EventCountry "ENG"]
[SourceTitle "BritBase"]
[Source "John Saunders"]
[SourceDate "2025.01.10"]
[SourceVersion "1"]
[SourceVersionDate "2025.01.10"]
[SourceQuality "1"]

1. e4 c5 2. c3 d5 3. exd5 Qxd5 4. d4 Nf6 5. Nf3 Bg4 6. Be2 e6 7. O-O Nc6 8. Be3 cxd4 9. cxd4 Be7 10. Nc3 Qd6 11. h3 Bh5 12. Qb3 O-O 13. Rfd1 Rfd8 14. Rac1 Qb4 15. Qxb4 Nxb4 16. a3 Nbd5 17. Nxd5 Nxd5 18. g4 Bg6 19. Ne5 Be4 20. Bf3 Bxf3 21. Nxf3 Rac8 22. Rxc8 Rxc8 23. Rc1 Rd8 24. Kf1 Kf8 25. Ke2 Ke8 26. Ne5 f6 27. Nd3 Bd6 28. Nc5 Ke7 29. Ne4 Bc7 30. Nc3 Bb6 31. Nxd5+ Rxd5 32. Rc4 Kd7 33. f4 Bc7 34. Rc2 Rb5 35. b4 Bd6 36. Bd2 Rb6 37. Kd3 a5 38. Rc4 axb4 39. axb4 Ra6 40. Ke2 Ra3 41. Be3 Rb3 42. Kd2 Rb2+ 43. Kd3 Rh2 44. Rc2 Rxh3 45. Rf2 Bxb4 46. Rb2 Bd6 47. Rxb7+ Kc6 48. Rxg7 Bxf4 49. Ke4 Bxe3 50. Rf7 Bg5 51. d5+ exd5+ 52. Kf5 Rf3+ 53. Ke6 Re3+ 54. Kf5 Re5# 0-1